Asamiya sahitya aru sanskritir rup rekha (Record no. 11037)
[ view plain ]
| 000 -LEADER | |
|---|---|
| fixed length control field | 00529cam a2200193ua 4500 |
| 001 - CONTROL NUMBER | |
| control field | 12295 |
| 005 - DATE AND TIME OF LATEST TRANSACTION | |
| control field | 20260515114848.0 |
| 008 - FIXED-LENGTH DATA ELEMENTS--GENERAL INFORMATION | |
| fixed length control field | 120831n ii |||gr||||Z||||||asm |
| 020 ## - INTERNATIONAL STANDARD BOOK NUMBER | |
| International Standard Book Number | 9789382587538 |
| 040 ## - CATALOGING SOURCE | |
| Transcribing agency | MAIN |
| 082 ## - DEWEY DECIMAL CLASSIFICATION NUMBER | |
| Classification number | 891.4514 |
| 100 ## - MAIN ENTRY--PERSONAL NAME | |
| Personal name | Prafulla Kumar Nath, |
| Relator term | Author. |
| 245 ## - TITLE STATEMENT | |
| Title | Asamiya sahitya aru sanskritir rup rekha |
| Statement of responsibility, etc. | By Prafulla Kumar nath |
| 250 ## - EDITION STATEMENT | |
| Edition statement | 1st ed. |
| 260 ## - PUBLICATION, DISTRIBUTION, ETC. | |
| Place of publication, distribution, etc. | Guwahati: |
| Name of publisher, distributor, etc. | Bishal prakashan, |
| Date of publication, distribution, etc. | 2017. |
| 300 ## - PHYSICAL DESCRIPTION | |
| Extent | 352p. |
| 653 ## - INDEX TERM--UNCONTROLLED | |
| Uncontrolled term | East Indo-European & Celtic literatures |
| 942 ## - ADDED ENTRY ELEMENTS (KOHA) | |
| Koha item type | Books |
| Withdrawn status | Lost status | Damaged status | Not for loan | Home library | Current library | Shelving location | Date acquired | Total checkouts | Full call number | Barcode | Date last seen | Date last checked out | Copy number | Price effective from | Koha item type |
|---|---|---|---|---|---|---|---|---|---|---|---|---|---|---|---|
| Naharkatiya College Library | Naharkatiya College Library | General stacks | 09/19/2020 | 1 | 891.4514NAT | 25548 | 06/21/2023 | 06/10/2023 | 1 | 09/19/2020 | Books |